000 00558nam a2200217 a 4500
999 _c4937
_d4937
001 4937
003 BD-JhCC
005 20171209125216.0
008 171129s1965 bg |||| ||a| 000 0 eng d
035 _a(BD-JhCC) 4665
040 _aBD-JhCC
_dBD-JhCC
041 _aeng
082 _a909.09767
_bRAB 1965
100 _aKabir, Mafizullah
245 _aOutlines of Islamic History /
_cMafizullah Kabir
260 _aDhaka :
_bIdeal Publications ,
_c1965
300 _a221 p . :
_c20 cm .
650 _aIslamic history
942 _2ddc
_cBK